| 000 | 00520nam a2200145Ia 4500 | ||
|---|---|---|---|
| 008 | 180921t2000 xxu||||| |||| 00| 0 eng d | ||
| 041 | _aeng | ||
| 080 |
_a628.39 SRI L _bNKA |
||
| 245 | _aReport of the sub regional traing seminar for the implentation of the basel convention on the control of transboundary movements of Hazardous wastes and their disposal 15-19 March 1999 Colombo, Sri lanka | ||
| 260 |
_b _c2000 |
||
| 300 | _a200p., 27 cm | ||
| 942 | _cBK | ||
| 999 |
_c19006 _d19006 |
||
| 003 | LK-CoDNM | ||
| 040 |
_aLK-CoDNM _dLK-CoDNM _eLK-CoDNM |
||